| 000 | 00402nam a2200157Ia 4500 | ||
|---|---|---|---|
| 008 | 210210b1965 xxu||||| |||| 00| 0 eng d | ||
| 082 | _a546 SAVT | ||
| 100 | _aSAVUR (G R). | ||
| 245 | _aText book of inorganic chemistry.V3. | ||
| 260 |
_aBombay _bPopular Prakashan _c1965 |
||
| 300 | _aviii,384 | ||
| 440 | _a3 | ||
| 650 | _aInorganic Chemistry | ||
| 690 | _aInorganic Chemistry | ||
| 906 | _a009613 | ||
| 999 |
_c149749 _d149749 |
||